000 01192pam a2200301 a 4500
999 _c332447
_d332447
001 725127
003 NUST
005 20171206103407.0
008 980218s1998 njuab b 001 0 eng
010 _a 98013008
020 _a0138524440 (hardcover)
040 _aDLC
_cDLC
_dDLC
050 0 0 _aS591
_b.B79 1999
082 0 0 _a631.4 BRA
_221
100 1 _aBrady, Nyle C.
_96976
245 1 4 _aThe nature and properties of soils /
_cNyle C. Brady, Ray R. Weil.
250 _a12th ed.
260 _aUpper Saddle River, N.J. :
_bPrentice Hall,
_cc1999.
300 _axiv, 881 p. :
_bill. (some col.), maps (some col.) ;
_c29 cm.
500 _aColored map of Global soil regions on end papers.
500 _aColored maps of Global Distribution of Acid Soils and Global Desertification Vulnerability on back end papers.
501 _aH.B
504 _aIncludes bibliographical references and index.
650 0 _aSoil science.
_96977
650 0 _aSoils.
_96885
700 1 _aWeil, Ray R.
_96978
906 _a7
_bcbc
_corignew
_d1
_eocip
_f19
_gy-gencatlg
942 _2ddc
_cBK
_kIESE